000 00376nam a22001337a 4500
008 140114b xxu||||| |||| 00| 0 eng d
050 _aQB51.L62 1961
100 _aLovell, Bernard
_96631
245 _aThe Individual and the universe
260 _aLondon
_bOxford University Press
_c1961
300 _axiv; 111p.
_c20cm
650 _aAstronomy
_96632
942 _2lcc
_cMONOGRAPH
999 _c119559
_d119559